| 000 | 00479nam a2200157 i 4500 | ||
|---|---|---|---|
| 001 | 66290 | ||
| 003 | ES-MaACL | ||
| 005 | 20230906165605.0 | ||
| 007 | t| | ||
| 008 | 040203s1931 ag ||||1| spa d | ||
| 100 | 1 |
_aGalíndez, Bartolomé. _953423 |
|
| 245 | 1 | 3 |
_aEl autor de Sancho _b: tres capítulos y un análisis sobre el autor del "Quijote" / _cBartolomé Galíndez. |
| 260 |
_aBuenos Aires : _bAraujo, _c1931. |
||
| 300 |
_a116 p. ; _c19 cm. |
||
| 852 |
_aES-MaACL _jF-13801 |
||
| 999 |
_c66290 _d66290 |
||